• 首页
  • 本馆介绍
  • 公告通知
  • 最新文献
  • 馆藏检索
  • 电子资源
  • 读者导购
  • 参考咨询
  • 我的图书馆
  • 登录
  • 详细信息显示
  • 放入我的书架
  • 预约/预借图书
  • 作者相关作品
  • 分类相关作品
  • 丛书相关作品
  • 出版社相关作品

书目信息

  • 表格格式
  • 工作单格式
  • 卡片格式
题名:
长泽龟之助的中等数学教材编译研究
    
 
作者: 徐喜平 著
分册:  
出版信息: 北京   科学技术文献出版社  2018.11
页数: 184页
开本: 24cm
丛书名:
单 册:
中图分类: G633.602 , G423.3
科图分类:
主题词: 中学数学课--教材--编译--研究--日本
电子资源:
ISBN: 978-7-5189-4827-7
000 01588nam0 2200265 45
001 012001000355
005 20130911134117.0
010    @a978-7-5189-4827-7@dCNY48.00
100    @a20190805d2018 kemy0chiy50 ea
101 0  @achi
102    @aCN@b110000
105    @ay v 000yy
106    @ar
200 1  @a长泽龟之助的中等数学教材编译研究@Achang ze gui zhi zhu de zhong deng shu xue jiao cai bian yi yan jiu@b专著@dA study on compilations and translations of teaching materials by Kamenosuke Nagasawa of mathematics for high schools@f徐喜平著@zeng
210    @a北京@c科学技术文献出版社@d2018.11
215    @a184页@d24cm
300    @a并列题名:Study on compilations and translations of teaching materials by Kamenosuke Nagasawa of mathematics for high schools
330    @a本书首次全面收集、整理了长泽龟之助在长达40年的时间内编译和撰写的90余种中等数学教材,并以此为研究对象,应用文献分析、比较研究等方法,通览长泽翻译的西方数学著作和他编撰的教科书、习题集和参考书,阐述他引进教材新内容的创新之举,分析他编译中等数学教材的若干特点。在此基础上,总结长泽对日本中等数学教育的贡献,介绍长泽的数学教科书译成中文在华传播情况,以及其与中国数学家的交往,从而对他在日本中等数学教育界的地位、对当时中国数学教育的影响做出较为客观的评价,
510 1  @aStudy on compilations and translations of teaching materials by Kamenosuke Nagasawa of mathematics for high schools@zeng
606 0  @a中学数学课@j教材@x编译@x研究@y日本
690    @aG633.602@v5
690    @aG423.3@v5
701  0 @a徐喜平@Axu xi ping@c(博士)@4著
801  0 @aCN@bBJSDL@c20211011
905    @b1335084-6@dG633.602@e881@f3
    
    长泽龟之助的中等数学教材编译研究=A study on compilations and translations of teaching materials by Kamenosuke Nagasawa of mathematics for high schools/徐喜平著.-北京:科学技术文献出版社,2018.11
    184页;24cm
    并列题名:Study on compilations and translations of teaching materials by Kamenosuke Nagasawa of mathematics for high schools
    
    ISBN 978-7-5189-4827-7:CNY48.00
    本书首次全面收集、整理了长泽龟之助在长达40年的时间内编译和撰写的90余种中等数学教材,并以此为研究对象,应用文献分析、比较研究等方法,通览长泽翻译的西方数学著作和他编撰的教科书、习题集和参考书,阐述他引进教材新内容的创新之举,分析他编译中等数学教材的若干特点。在此基础上,总结长泽对日本中等数学教育的贡献,介绍长泽的数学教科书译成中文在华传播情况,以及其与中国数学家的交往,从而对他在日本中等数学教育界的地位、对当时中国数学教育的影响做出较为客观的评价,
●
相关链接 在E读中查询图书 在五车中查询图书 在当当中查询图书 在豆瓣中查询图书


正题名:长泽龟之助的中等数学教材编译研究     索取号:G633.602/881         预约/预借

序号 登录号 条形码 馆藏地/架位号 状态 备注
1 1335084   213350844   第一样本阅览室/ [索取号:G633.602/881] 在馆    
2 1335085   213350853   第四借阅区/ [索取号:G633.602/881] 在馆    
3 1335086   213350862   第四借阅区/ [索取号:G633.602/881] 在馆    
唐山师范学院图书馆 欢迎您!
大连网信软件有限公司© 版权所有